00000000nas 2200000zi 4500
0019.954118
003CaOODSP
00520250910165653
006m     o  d f      
007cr cn ||||||||
008250814c20249999oncar p o    f0###a0eng d
022 |a2819-6074|y2817-755X
040 |aCaOODSP|beng|erda|cCaOODSP
043 |an-cn---
0861 |aA99-2/7E-PDF|zA99-3/3E-PDF
1102 |aFarm Products Council of Canada.|eauthor, |eissuing body.
222 0|aDepartmental sustainable development strategy report |b(Farm Products Council of Canada)
24510|a... departmental sustainable development strategy report / |cFarm Products Council of Canada.
264 1|aOttawa, Ontario : |bFarm Products Council of Canada, |c[2024]-
310 |aAnnual
336 |atext|btxt|2rdacontent
337 |acomputer|bc|2rdamedia
338 |aonline resource|bcr|2rdacarrier
3621 |aBegan with: 2023 to 2024.
500 |aIssued also in French under title: Rapport sur la stratégie ministérielle de développement durable de ...
588 |aDescription based on: 2023 to 2024; title from PDF cover page.
588 |aLatest issue consulted: 2023 to 2024.
61020|aFarm Products Council of Canada|vPeriodicals.
650 0|aSustainable development|xGovernment policy|zCanada|vPeriodicals.
655 7|aPeriodicals|2lcgft
77508|tRapport sur la stratégie ministérielle de développement durable de ... / |w(CaOODSP)9.954117